00971cam a22003014i 4500003000900000005001700009008004100026020001500067035002700082040003300109082002000142100002800162245003600190264006200226300006100288336002100349337002500370338002300395504002800418505012200446526000900568526000900577526000800586526000800594526000800602650003900610700002000649PE-LiUPU20250731183400.0150623s1999 kyua rb 000 0 eng d a0813121051 a(Sirsi) i9780813121055 aPE-LiUPUbspacPE-LiUPUerda04a781.66bH792211 aHoward, Jay R.,eautor.10aApostles of rock /cJay Howard. 1aLexintong, Kentucky :bThe University of Kentucky,c1999. a299 páginas :bilustraciones fotos ;c24 centímetros atext2rdacontent aunmediated2rdamedia avolume2rdacarrier aIncluye bibliografía.0 aOrigins and oppositions -- Separational CCM -- Integrational CCM -- Transformational CCM -- The Materialist Critique. aP158 aP146 aP17 aP12 aP0614aMúsica rock cristianaxHistoria.1 aStreck, John M.